000 01011nam a22003017a 4500
001 7532
003 FISKH
005 20250828130948.0
008 250723b cb ||||| |||| 00| 0 eng d
020 _a0439104890
040 _aFISKH
_beng
_cFISKH
_dFISKH
050 _aQA99 .S36
082 _a510
100 _aSchwartz, David M.
245 _aG is for Googol :
_bA math alphabet book /
_cBy David M. Schwartz : Pictures by Marissa Moss
250 _aFirst Scholastic printing, September 1999
260 _aNew York :
_bScholastic ,
_c1998.
300 _a57 pages :
_bcolor illustrations ;
_c28 cm .
490 _aAlphabet Book
505 _aR
520 _aExplains the meaning of mathematical terms which begin with the different letters of the alphabet from abacus, binary, and cubit to zillion.
521 8 _a760
_bLexile IG
521 8 _aR
_bRaz-Plus
650 _aAlphabet book
_vNon-fiction
700 _aMoss, Marissa
_eIllustrator
942 _2ddc
_cBK
_n0
999 _c7532
_d7532